Poems of truth, (Record no. 15817)
[ view plain ]
| 000 -LEADER | |
|---|---|
| fixed length control field | 00538cam a22002051 4500 |
| 001 - CONTROL NUMBER | |
| control field | ca 24000643 |
| 003 - CONTROL NUMBER IDENTIFIER | |
| control field | DLC |
| 005 - DATE AND TIME OF LATEST TRANSACTION | |
| control field | 20260227111112.0 |
| 008 - FIXED-LENGTH DATA ELEMENTS--GENERAL INFORMATION | |
| fixed length control field | 881011s1924 cau 000 0 eng |
| 010 ## - LIBRARY OF CONGRESS CONTROL NUMBER | |
| LC control number | ca 24000643 |
| 035 ## - SYSTEM CONTROL NUMBER | |
| System control number | (OCoLC)18591682 |
| 040 ## - CATALOGING SOURCE | |
| Original cataloging agency | DLC |
| Transcribing agency | RPB |
| Modifying agency | RPB |
| -- | DLC |
| 042 ## - AUTHENTICATION CODE | |
| Authentication code | premarc |
| 050 00 - LIBRARY OF CONGRESS CALL NUMBER | |
| Classification number | PS3545.I536 |
| Item number | P6 1924 |
| 100 1# - MAIN ENTRY--PERSONAL NAME | |
| Personal name | Williams, Susan. |
| 245 10 - TITLE STATEMENT | |
| Title | Poems of truth, |
| Statement of responsibility, etc. | by Susan Williams. |
| 250 ## - EDITION STATEMENT | |
| Edition statement | 1st ed. |
| 260 ## - PUBLICATION, DISTRIBUTION, ETC. | |
| Place of publication, distribution, etc. | [San Jose, Calif., |
| Name of publisher, distributor, etc. | Smith & Smith] |
| Date of publication, distribution, etc. | c1924. |
| 300 ## - PHYSICAL DESCRIPTION | |
| Extent | 25, [1] p. |
| Dimensions | 25 cm. |
No items available.